000 00545nam a2200181Ia 4500
005 20250326143112.0
008 250326s9999 xx 000 0 und d
037 _aTextbook
040 _aFMSL
_beng
_cFMSL
041 _aeng
_2eng
084 _aX3.1 P3
_qFMSL
100 _aMattock J
_9742292
245 0 _aCross-cultural communication : Essential guide to international business
_cMattock J
260 _aUnited Kingdom
_bUnited Kingdom, Kogan Page
_c2003
300 _a176p
942 _cTB
_hX3.1 P3
999 _c1298109
_d1298109